|
|
|
|
| LEADER |
01669nam a22003857a 4500 |
| 001 |
38368 |
| 003 |
BD-DhAAL |
| 005 |
20220412113147.0 |
| 008 |
220412t2005 nyuab b i000 0 eng d |
| 999 |
|
|
|c 44057
|d 44057
|
| 010 |
|
|
|a 2006276695
|
| 020 |
|
|
|a 1844072177 (pbk.)
|
| 035 |
|
|
|a (OCoLC)ocm60823156
|
| 040 |
|
|
|a BID
|c BID
|d BAKER
|d NLGGC
|d DLC
|d BD-DhAAL
|
| 042 |
|
|
|a lccopycat
|
| 043 |
|
|
|a d------
|
| 050 |
0 |
0 |
|a HC59.7
|b .I5948 2005
|
| 082 |
0 |
4 |
|a 338.9
|
| 245 |
0 |
0 |
|a Investing in development :
|b a practical plan to achieve the Millennium Development Goals /
|c UN Millennium Project.
|
| 260 |
|
|
|a London ;
|a Sterling, Va. :
|b Earthscan,
|c c2005.
|
| 300 |
|
|
|a xxii, 329 pages :
|b illustrations, maps ;
|c 26 cm.
|
| 500 |
|
|
|a Sponsored by the United Nations Development Programme on behalf of the UN Development Group.
|
| 500 |
|
|
|a On cover: Millennium Project : Report to the UN Secretary General.
|
| 504 |
|
|
|a Includes bibliographical references (p. [309]-323).
|
| 538 |
|
|
|a Also available electronically on the World Wide Web.
|
| 541 |
|
|
|a Donated by Akbar Ali Khan
|e 38368
|
| 610 |
2 |
0 |
|a UN Millennium Project.
|9 47959
|
| 650 |
|
0 |
|a Economic assistance
|z Developing countries.
|9 47960
|
| 650 |
|
0 |
|a Humanitarian assistance.
|9 47961
|
| 651 |
|
0 |
|a Developing countries
|x Economic policy.
|9 47962
|
| 710 |
2 |
|
|a UN Millennium Project.
|9 47959
|
| 710 |
2 |
|
|a United Nations Development Programme.
|9 47963
|
| 852 |
|
|
|a Ayesha Abed Library
|c Akbar Ali Khan Collection
|
| 942 |
|
|
|2 ddc
|c BK
|
| 952 |
|
|
|0 0
|1 0
|2 ddc
|4 0
|6 338_900000000000000_INV
|7 1
|9 70505
|a BRACUL
|b BRACUL
|c CS1
|d 2022-04-12
|e Donated by Akbar Ali Khan
|l 0
|o 338.9 INV
|p 3010038368
|r 2022-04-12
|t 1
|w 2022-04-12
|y BK
|